| 000 | 00944nam a22002537a 4500 | ||
|---|---|---|---|
| 005 | 20170124110236.0 | ||
| 010 | _aB-011532 | ||
| 020 |
_c695.00 _a9780195652475 |
||
| 035 | _aB-011532 | ||
| 037 | _bCen Lib/Ret | ||
| 040 |
_aDPL _bEN |
||
| 082 |
_a725.0954 _bLAN |
||
| 100 |
_aLang, Jon _941953 |
||
| 245 |
_aArchitecture and independence : _cby Jon T. Lang, Madhavi Desai [and] Miki Desai _bthe search for identity--India 1880 to 1980 / |
||
| 260 |
_aNew Delhi _bOxford University Press _c2000 |
||
| 270 |
_bNew Delhi _aYMCA Library Building, Jai Singh Road _e110001 |
||
| 300 |
_axix, 347p. : _c30m(pbk) _bill. |
||
| 500 | _aIncludes bibliographical references and index | ||
| 650 |
_aArchitecture -- India -- History -- 20th century _941954 |
||
| 650 |
_aArchitecture, Modern -- India -- 20th century _941955 |
||
| 700 |
_aDesai, Madhavi _941956 |
||
| 700 |
_aDesai, Miki _941957 |
||
| 942 |
_2ddc _cEN _h725.0954 _mLAN |
||
| 999 |
_c134847 _d134847 |
||